000 005310000a22001810004500
003 MACL
005 20160401141321.0
008 160401b xxu||||| |||| 00| 0 eng d
040 _aMACL
_cMACL
041 _aHindi
082 _a330
100 _aसूरज प्रकाश
_949666
245 _aरिटेल बैंकिंग
_bविविध आयाम
260 _bआधार प्रकाशन
_c2006
_aपंचकूला
350 _a200
650 _aAccounting
_949667
942 _cHIN
_k657
_2ddc
999 _c22335
_d22335